Душа и тело / (Record no. 312127)
[ view plain ]
| 000 -LEADER | |
|---|---|
| fixed length control field | 00573nam a2200193 a 4500 |
| 001 - CONTROL NUMBER | |
| control field | 000895167 |
| 003 - CONTROL NUMBER IDENTIFIER | |
| control field | AM-YeHGA |
| 005 - DATE AND TIME OF LATEST TRANSACTION | |
| control field | 20250617145438.0 |
| 008 - FIXED-LENGTH DATA ELEMENTS--GENERAL INFORMATION | |
| fixed length control field | 120530s1910 ru r 000 0 rus d |
| 040 ## - CATALOGING SOURCE | |
| Original cataloging agency | AM-YeHGA |
| 041 1# - LANGUAGE CODE | |
| Language code of text/sound track or separate title | rus |
| 090 ## - LOCALLY ASSIGNED LC-TYPE CALL NUMBER (OCLC); LOCAL CALL NUMBER (RLIN) | |
| -- | 313845 |
| 100 1# - MAIN ENTRY--PERSONAL NAME | |
| Personal name | Бинэ, Альфред |
| Dates associated with a name | 1857—1911 |
| 245 10 - TITLE STATEMENT | |
| Title | Душа и тело / |
| Statement of responsibility, etc. | Альфред Бинэ ; Пер. С.А. Лопашова. |
| 260 ## - PUBLICATION, DISTRIBUTION, ETC. | |
| Place of publication, distribution, etc. | Москва : |
| Name of publisher, distributor, etc. | Изд-во "Звено", |
| Date of publication, distribution, etc. | 1910. |
| 300 ## - PHYSICAL DESCRIPTION | |
| Extent | 204 с. |
| 650 14 - SUBJECT ADDED ENTRY--TOPICAL TERM | |
| Topical term or geographic name entry element | Психология |
| 700 1# - ADDED ENTRY--PERSONAL NAME | |
| Personal name | Лопашов, С.А. |
| Relationship | trl |
| Withdrawn status | Lost status | Source of classification or shelving scheme | Damaged status | Not for loan | Collection | Home library | Current library | Date acquired | Total checkouts | Full call number | Barcode | Date last seen | Price effective from | Koha item type | Public note |
|---|---|---|---|---|---|---|---|---|---|---|---|---|---|---|---|
| Universal Decimal Classification | Hambardzumyan Individual Collection | Fundamental Scientific Library | Fundamental Scientific Library | 09/01/2017 | Amb/870 | FL0231499 | 09/01/2017 | 09/01/2017 | Գրքեր / Books | ILL Non-Circ. |
ՀՀ Գիտությունների ազգային ակադեմիայի հիմնարար գիտական գրադարան = Fundamental Scientific Library of NAS RA
All site content, except where otherwise noted, is licensed under a